Mujeres y hombres / (Record no. 38556)

MARC details
000 -LEADER
campo de control de longitud fija 00619nam a2200217 i 4500
001 - NÚMERO DE CONTROL
campo de control 38556
003 - IDENTIFICADOR DE NÚMERO DE CONTROL
campo de control ES-MaACL
005 - FECHA Y HORA DE LA ÚLTIMA TRANSACCIÓN
campo de control 20230906155758.0
007 - CAMPO FIJO DE DESCRIPCIÓN FÍSICA--INFORMACIÓN GENERAL
campo de control de longitud fija t|
008 - DATOS DE LONGITUD FIJA--INFORMACIÓN GENERAL
campo de control de longitud fija 030225s1963 sp ||||1| spa d
080 ## - NÚMERO DE LA CLASIFICACIÓN DECIMAL UNIVERSAL
Número de la Clasificación Decimal Universal 820-32"19"
100 1# - ENTRADA PRINCIPAL--NOMBRE DE PERSONA
Nombre de persona Caldwell, Erskine.
9 (RLIN) 33643
245 10 - MENCIÓN DEL TÍTULO
Título Mujeres y hombres /
Mención de responsabilidad, etc. Erskine Caldwell ; traducción de Jorge E. Jenkins.
260 ## - PUBLICACIÓN, DISTRIBUCIÓN, ETC.
Lugar de publicación, distribución, etc. Barcelona :
Nombre del editor, distribuidor, etc. Mateu,
Fecha de publicación, distribución, etc. [1963]
300 ## - DESCRIPCIÓN FÍSICA
Extensión 255 p. ;
Dimensiones 18 cm.
490 1# - MENCIÓN DE SERIE
Mención de serie Todo para muchos ;
Designación de volumen o secuencia 91
700 1# - ENTRADA AGREGADA--NOMBRE PERSONAL
Nombre de persona Jenkins, Jorge E.
9 (RLIN) 66300
830 1# - PUNTO DE ACCESO ADICIONAL DE SERIE-TÍTULO UNIFORME
Título uniforme Todo para muchos ;
Designación de volumen o secuencia 91
9 (RLIN) 181717
852 4# - LOCALIZACIÓN
Ubicación ES-MaACL
Número de control de estantería C-23938
Holdings
Estatus retirado Estado de pérdida Estado de daño No para préstamo Biblioteca de origen Biblioteca actual Ubicación en estantería Fecha de adquisición Fuente de adquisición Total de préstamos Signatura topográfica completa Código de barras Visto por última vez Precio de reemplazo Tipo de ítem Koha
        Biblioteca del Ateneo de Madrid Biblioteca del Ateneo de Madrid Depósito 2 17/01/2008     C-23938 1040590 23/02/2023 23/02/2023 Libro impreso